| 000 | 00975ny a22002293n 4500 | ||
|---|---|---|---|
| 005 | 20240305165329.0 | ||
| 008 | 101118s2010 mx 000 spa d | ||
| 022 | _a9786074407055 | ||
| 035 | _a5093 | ||
| 040 |
_aBUS _dvlex |
||
| 090 |
_c1371 _d1371 |
||
| 100 | 1 | _aPérez Chavez, José | |
| 245 | 1 | 0 |
_aCompendio fiscal profesional 2010 _h[Recurso electrónico] _cJosé Pérez Chavez ; Raymundo Fol Olguin _pTomo II |
| 256 | _aServicio en línea | ||
| 260 |
_aMéxico : _bTax ed, _c2010 |
||
| 506 | 1 |
_aContenido solo disponible en los productos indicados _dvLex Global _dvLex Global (Academic Edition, excluding Law Schools) _dvLex Global (U.S. Academic Edition, Law Schools) _dvLex Global (U.S. Academic Edition, excluding Law Schools) _dvLex Global (Academic Edition, Law Schools) |
|
| 650 | 0 | 7 |
_aImpuesto _2Tesauro vLex |
| 700 | 1 | _aFol Olguin, Raymundo | |
| 740 | 0 | _avLex Libros (Servicios en línea) | |
| 856 | 4 | 0 | _uhttps://app.vlex.com/#/sources/5093 |
| 942 | _cRAA | ||
| 999 |
_c159848 _d159848 |
||